| 000 | 00720nam a2200229 a 4500 | ||
|---|---|---|---|
| 008 | |||
| 020 | _a0960336206 (pbk.) | ||
| 049 | _aMAIN | ||
| 090 | 0 | 1 | _aHV41 |
| 100 | 1 | _aWilson, Marlene. | |
| 245 | 1 | 4 |
_aThe effective management of volunteer programs / _cby Marlene Wilson. |
| 260 |
_aBoulder, Colo. : _bVolunteer Management Associates, _cc1976. |
||
| 300 |
_a197 p. : _bdiagrs. ; _c23 cm. |
||
| 504 | _aIncludes bibliographical references. | ||
| 650 | 0 | _aSocial work administration. | |
| 650 | 0 | _aVolunteer workers in social service. | |
| 907 |
_a.b10139163 _b07-12-05 _c01-11-04 |
||
| 003 | |||
| 005 | 20230123133838.0 | ||
| 040 | _cNUST | ||
| 942 |
_cBOOKS _kHV41 |
||
| 999 |
_c155633 _d155633 |
||